Léon-Paul Fargue

محفوظ في:
التفاصيل البيبلوغرافية
المؤلف الرئيسي: Chonez, Claudine (مؤلف)
التنسيق: كتاب
اللغة:الفرنسية
منشور في: París Pierre Seghers 1950
سلاسل:Poetes d'aujourd'hui, 19
الموضوعات:
الوسوم: إضافة وسم
لا توجد وسوم, كن أول من يضع وسما على هذه التسجيلة!

MARC

LEADER 00000nam a2200000 a 4500
001 UCY4395
003 CL-VaPUC
008 950310e19500000FR |||||||||||||||||fre|d
082 0 4 |a 841.09  |b CHO  |2 21 
100 0 |a Chonez, Claudine  |e author  |9 332824 
245 1 0 |a Léon-Paul Fargue 
300 |a 194 p 
942 |c BK 
945 |d 19950310 00:00:00  |a mfernand 
260 |a París  |b Pierre Seghers  |c 1950 
600 0 7 |a FARGUE, LEON PAUL  |2 CL-VaPUC  |9 332825 
650 0 |a Crítica e interpretación   |9 255042 
583 |a last modification  |c 19950310 00:00:00  |k Rodrigo Vera 
490 0 |a Poetes d'aujourd'hui, 19 
999 |c 232268  |d 232266 
952 |0 0  |1 0  |4 0  |6 841_090000000000000_CHO_1950  |7 0  |8 P  |9 236389  |a BIBART  |b BIBART  |d 2019-11-15  |i 3062384  |o 841.09 CHO 1950  |p 3062384  |r 2025-03-13  |w 2019-11-15  |y BK  |k ART